[Event "CAN-op (Pinnacle 48th CAN Op Ch)"]
[Site "Toronto CAN"]
[Date "2011.07.14"]
[Round "6"]
[White "Knox, Christopher"]
[Black "Birarov, Vladimir"]
[Result "0-1"]
[WhiteElo "2072"]
[BlackElo "2267"]
[PlyCount "102"]
[GameId "2160767909707320"]
[EventDate "2011.07.09"]
[EventType "swiss"]
[EventRounds "9"]
[EventCountry "CAN"]
[SourceTitle "hb 2011"]

1. d4 Nf6 2. Nf3 e6 3. e3 c5 4. Bd3 Be7 5. O-O O-O 6. b3 d6 7. Bb2 Nbd7 8. Nbd2 Re8 9. Re1 Bf8 10. Nf1 b6 11. c4 Bb7 12. Qe2 Ne4 13. N3d2 f5 14. Nxe4 fxe4 15. Bc2 Qh4 16. Ng3 Nf6 17. Rad1 d5 18. h3 Bd6 19. dxc5 Bxg3 20. fxg3 Qxg3 21. cxd5 exd5 22. b4 Nd7 23. Ba4 Ne5 24. Bxe5 Rxe5 25. Bd7 Rg5 26. Qf2 Qe5 27. Rf1 Qe7 28. h4 Rg6 29. Ba4 bxc5 30. bxc5 Ba6 31. Qf5 Rd8 32. Rf2 Rf6 33. Qg5 h6 34. Qg3 Rxf2 35. Qxf2 Qxc5 36. Bb3 Bd3 37. Kh1 Qd6 38. Qf5 Kh8 39. Qg4 Rf8 40. Rc1 Kh7 41. h5 Rf6 42. Qc8 Qe5 43. Qg4 Qb2 44. Rc8 Rf1+ 45. Kh2 Qe5+ 46. g3 Rf2+ 47. Kg1 Rf6 48. Bc2 Qa1+ 49. Bd1 Qb2 50. Bc2 Qc1+ 51. Bd1 Qxe3+ 0-1

[Event "CAN-op (Pinnacle 48th CAN Op Ch)"]
[Site "Toronto CAN"]
[Date "2011.07.14"]
[Round "6"]
[White "Loadman, Ian"]
[Black "Frilles, Ruperto"]
[Result "0-1"]
[WhiteElo "2218"]
[BlackElo "2105"]
[PlyCount "94"]
[GameId "2160767909707323"]
[EventDate "2011.07.09"]
[EventType "swiss"]
[EventRounds "9"]
[EventCountry "CAN"]
[SourceTitle "hb 2011"]

1. e4 c5 2. Nf3 Nc6 3. Bb5 g6 4. c3 Bg7 5. d4 cxd4 6. cxd4 a6 7. Bxc6 bxc6 8. Nc3 h6 9. O-O d6 10. h3 e6 11. Bf4 Ne7 12. Qd2 g5 13. Bh2 O-O 14. Rfd1 Ng6 15. Qe2 Qe7 16. Rac1 e5 17. dxe5 dxe5 18. Nd2 Be6 19. Nf1 Kh7 20. Ne3 Rg8 21. Qc2 Kh8 22. Ne2 Nf4 23. Ng3 Rab8 24. b3 Rbc8 25. Kh1 a5 26. Ngf5 Qa7 27. Bg1 Bf8 28. f3 Qa6 29. Nc4 Bxf5 30. exf5 f6 31. Rd7 Rg7 32. Rcd1 Nd5 33. Rxg7 Kxg7 34. Ne3 Qb7 35. Qc4 Rd8 36. Rc1 Nb4 37. a3 Rd4 38. Qe6 Rd6 39. Qe8 Nd3 40. Rc3 Nf4 41. Bh2 Qb6 42. g3 Qd4 43. gxf4 Qxc3 44. Qg6+ Kh8 45. Qf7 Rd1+ 46. Nxd1 Qxf3+ 47. Kg1 Bc5+ 0-1

[Event "CAN-op (Pinnacle 48th CAN Op Ch)"]
[Site "Toronto CAN"]
[Date "2011.07.14"]
[Round "6"]
[White "Longo, Tyler"]
[Black "Chidley-Hill, John"]
[Result "1-0"]
[WhiteElo "2087"]
[BlackElo "1787"]
[PlyCount "87"]
[GameId "2160767909707324"]
[EventDate "2011.07.09"]
[EventType "swiss"]
[EventRounds "9"]
[EventCountry "CAN"]

1. d4 Nf6 2. Nf3 d5 3. e3 g6 4. b3 Bg7 5. Bb2 O-O 6. Nbd2 b6 7. Bd3 Ba6 8. c4 e6 9. Ne5 Nfd7 10. f4 c5 11. O-O Bb7 12. Ndf3 cxd4 13. exd4 Qe7 14. a4 Rd8 15. Ba3 Qe8 16. Qc2 Nf8 17. Rae1 Nbd7 18. g4 dxc4 19. Bxc4 Nxe5 20. dxe5 Qc6 21. Qe2 Nd7 22. Be7 Rdc8 23. Bb5 Qc7 24. Rc1 Qxc1 25. Rxc1 Rxc1+ 26. Kf2 Nc5 27. Nd2 Rc2 28. Bd3 Nxd3+ 29. Qxd3 Rac8 30. Ke1 Bf8 31. Bxf8 Kxf8 32. f5 Bd5 33. f6 Bb7 34. Qe3 Rd8 35. Qh6+ Ke8 36. Nc4 Kd7 37. Qxh7 Bf3 38. Qxf7+ Kc8 39. Qxe6+ Kb8 40. Nd6 Rxh2 41. f7 Rdh8 42. Qe8+ Kc7 43. Nb5+ Kb7 44. Qd7+ 1-0

[Event "CAN-op (Pinnacle 48th CAN Op Ch)"]
[Site "Toronto CAN"]
[Date "2011.07.14"]
[Round "6"]
[White "Macak, Stefan"]
[Black "Moffat, Andrei"]
[Result "1-0"]
[WhiteElo "2391"]
[BlackElo "2215"]
[PlyCount "80"]
[GameId "2160767909707325"]
[EventDate "2011.07.09"]
[EventType "swiss"]
[EventRounds "9"]
[EventCountry "CAN"]
[SourceTitle "EXT 2022"]
[Source "ChessBase"]
[SourceDate "2021.10.06"]
[SourceVersion "1"]
[SourceVersionDate "2021.10.06"]
[SourceQuality "1"]

1. g4 e5 2. c4 Bc5 3. Bg2 h5 4. gxh5 Qh4 5. e3 Nc6 6. d3 Nf6 7. a3 d6 8. Nc3 Qg5 9. Bf3 Bb6 10. Nd5 Nxh5 11. h4 Qg6 12. Nh3 Nf6 13. Ng5 Bd7 14. Qe2 O-O-O 15. Bd2 Nxd5 16. Bxd5 Rdf8 17. O-O-O Ne7 18. Bf3 f6 19. Ne4 Qf7 20. Rdg1 Kb8 21. h5 d5 22. cxd5 Nxd5 23. Kb1 Rd8 24. Rd1 Ba4 25. Rc1 Bb5 26. Ka1 Qe7 27. Ng3 Bc5 28. Nf5 Qf8 29. Nxg7 Bxa3 30. Ne6 Qd6 31. Nxd8 Qa6 32. Bxd5 Rxd8 33. Ba2 Bxd3 34. Qd1 Bf8 35. Qb3 b5 36. h6 Bh7 37. Bb4 Rd3 38. Rc3 Rxc3 39. Qxc3 Bg8 40. Qa3 Qc6 1-0

[Event "CAN-op (Pinnacle 48th CAN Op Ch)"]
[Site "Toronto CAN"]
[Date "2011.07.14"]
[Round "6"]
[White "Miller, David"]
[Black "Willis, Bradley"]
[Result "1-0"]
[WhiteElo "1936"]
[BlackElo "2094"]
[PlyCount "55"]
[GameId "2160767909707327"]
[EventDate "2011.07.09"]
[EventType "swiss"]
[EventRounds "9"]
[EventCountry "CAN"]
[SourceTitle "EXT 2022"]
[Source "ChessBase"]
[SourceDate "2021.10.06"]
[SourceVersion "1"]
[SourceVersionDate "2021.10.06"]
[SourceQuality "1"]

1. e4 e5 2. Nf3 Nc6 3. Bb5 a6 4. Ba4 d6 5. O-O Bg4 6. h3 h5 7. d4 b5 8. Bb3 Bxf3 9. Qxf3 Qd7 10. c3 f6 11. a4 Rb8 12. Rd1 Nge7 13. dxe5 Nxe5 14. Qe2 g5 15. axb5 axb5 16. f4 gxf4 17. Nd2 N7g6 18. Nf3 c5 19. Bd5 Bh6 20. Nxe5 Nxe5 21. Qxh5+ Kf8 22. Bxf4 Qg7 23. Bxe5 Be3+ 24. Kh1 Rxh5 25. Bxd6+ Ke8 26. Bc6+ Kd8 27. Bxb8+ Kc8 28. Ra8 1-0

[Event "CAN-op (Pinnacle 48th CAN Op Ch)"]
[Site "Toronto CAN"]
[Date "2011.07.14"]
[Round "6"]
[White "Olden-Cooligan, Ben"]
[Black "Kong, Dezheng"]
[Result "1/2-1/2"]
[WhiteElo "1893"]
[BlackElo "2120"]
[PlyCount "143"]
[GameId "2160767909707331"]
[EventDate "2011.07.09"]
[EventType "swiss"]
[EventRounds "9"]
[EventCountry "CAN"]
[SourceTitle "hb 2011"]

1. d4 Nf6 2. c4 c5 3. d5 d6 4. Nc3 g6 5. e4 Bg7 6. f4 O-O 7. Nf3 e6 8. Bd3 exd5 9. cxd5 Re8 10. O-O c4 11. Bc2 Ng4 12. Qe2 b5 13. h3 b4 14. Nd1 Nf6 15. Nf2 c3 16. bxc3 Nxd5 17. Nd1 Nxc3 18. Nxc3 bxc3 19. Rb1 Ba6 20. Bd3 Bxd3 21. Qxd3 Qe7 22. Re1 Nd7 23. Ba3 Qe6 24. Bxd6 Nb6 25. e5 Rac8 26. Rbc1 Rc4 27. Rxc3 Rxf4 28. Rc2 Ra4 29. Ng5 Qd5 30. Qxd5 Nxd5 31. Nf3 Bh6 32. a3 Bf4 33. Kf2 Nb6 34. g3 Bh6 35. Nd2 Bxd2 36. Rxd2 Rc4 37. Red1 Rcc8 38. Rd3 Nc4 39. Re1 Kg7 40. Re2 Rcd8 41. Rc2 Nb6 42. Rc7 Nc8 43. Rf3 Nxd6 44. exd6 Rxd6 45. Rfxf7+ Kh6 46. Rxh7+ Kg5 47. h4+ Kg4 48. Rc4+ Kh3 49. Rc3 Rf6+ 50. Rf3 Ref8 51. Rxf6 Rxf6+ 52. Ke2 Kxg3 53. h5 gxh5 54. Rxa7 h4 55. a4 Kg2 56. Rg7+ Kh3 57. a5 Ra6 58. Rg5 Kh2 59. Kf2 h3 60. Kf1 Rf6+ 61. Ke2 Re6+ 62. Kf2 Rc6 63. Kf1 Rc1+ 64. Kf2 Rc2+ 65. Kf1 Ra2 66. Rh5 Kg3 67. Rg5+ Kh2 68. Rh5 Ra4 69. Rg5 Ra3 70. Kf2 Ra4 71. Kf1 Ra2 72. Rh5 1/2-1/2

[Event "CAN-op (Pinnacle 48th CAN Op Ch)"]
[Site "Toronto CAN"]
[Date "2011.07.14"]
[Round "6"]
[White "Pechenkin, Vladimir"]
[Black "Castaneda, Nelson"]
[Result "1/2-1/2"]
[WhiteElo "2297"]
[BlackElo "2229"]
[PlyCount "104"]
[GameId "2160767909707332"]
[EventDate "2011.07.09"]
[EventType "swiss"]
[EventRounds "9"]
[EventCountry "CAN"]
[SourceTitle "CBM 143 Extra"]
[Source "ChessBase"]
[SourceDate "2011.08.29"]
[SourceVersion "1"]
[SourceVersionDate "2011.08.29"]
[SourceQuality "1"]

1. c4 Nf6 2. g3 g6 3. Bg2 Bg7 4. Nc3 O-O 5. d3 d6 6. e4 Nc6 7. Nge2 e5 8. O-O Be6 9. Nd5 Nd7 10. Be3 a5 11. Qd2 Nc5 12. d4 exd4 13. Nxd4 Bxd5 14. cxd5 Ne5 15. Qe2 Re8 16. Rad1 Ned7 17. f3 Ra6 18. Rfe1 Qb8 19. Qc2 c6 20. dxc6 bxc6 21. Bf2 Rb6 22. b3 a4 23. b4 Rxb4 24. Nxc6 Rb2 25. Nxb8 Rxc2 26. Nxd7 Nxd7 27. Rxd6 Ne5 28. Red1 h5 29. R6d2 Rec8 30. h3 R8c3 31. f4 Rxd2 32. Rxd2 Nd3 33. e5 Nxf2 34. Kxf2 Bf8 35. Be4 h4 36. gxh4 Rxh3 37. Rd7 Bc5+ 38. Kg2 Rxh4 39. Kg3 g5 40. Bd5 Rxf4 41. e6 fxe6 42. Bxe6+ Kf8 43. Kh3 Re4 44. Bd5 g4+ 45. Kg3 Rd4 46. Kh4 Ke8 47. Bc6 Be7+ 48. Kg3 Rc4 49. Bb5 Rb4 50. Rd5+ Kf7 51. Bd7 Rb2 52. Bxa4 Rxa2 1/2-1/2

[Event "CAN-op (Pinnacle 48th CAN Op Ch)"]
[Site "Toronto CAN"]
[Date "2011.07.14"]
[Round "6"]
[White "Peng, Jackie"]
[Black "Grecu, Veaceslav"]
[Result "1/2-1/2"]
[WhiteElo "1991"]
[BlackElo "1846"]
[PlyCount "119"]
[GameId "2160767909707334"]
[EventDate "2011.07.09"]
[EventType "swiss"]
[EventRounds "9"]
[EventCountry "CAN"]
[SourceTitle "hb 2011"]

1. e4 c6 2. d4 d5 3. Nc3 dxe4 4. Nxe4 Nd7 5. Ng5 Ngf6 6. Bd3 h6 7. Ne6 Qb6 8. Nxf8 Nxf8 9. Nf3 Bg4 10. Be2 Ne6 11. c3 O-O 12. h3 Bxf3 13. Bxf3 Rad8 14. Qe2 Qc7 15. O-O Rfe8 16. Be3 Nf4 17. Qd2 N6d5 18. c4 Nxe3 19. fxe3 Ng6 20. Qf2 e5 21. Rad1 Qe7 22. Bh5 exd4 23. exd4 Qe2 24. d5 cxd5 25. cxd5 Qxf2+ 26. Rxf2 Re5 27. Bxg6 fxg6 28. Rfd2 Kf7 29. Rc2 Re7 30. Kf2 Red7 31. Ke3 Kf6 32. Ke4 Re8+ 33. Kd4 Rxd5+ 34. Kxd5 Rd8+ 35. Ke4 Rxd1 36. Rc7 Rd2 37. Rxb7 Rxg2 38. Kf3 Rd2 39. a4 a5 40. Rb5 g5 41. Rxa5 Rxb2 42. Ra8 h5 43. a5 Ra2 44. a6 Ra4 45. a7 Kg6 46. Kg3 g4 47. Rb8 Rxa7 48. hxg4 Ra3+ 49. Kg2 hxg4 50. Rb4 Kg5 51. Rb8 g3 52. Rb5+ Kh4 53. Rb4+ Kh5 54. Rb5+ g5 55. Rb4 g4 56. Rb8 Kg5 57. Rg8+ Kf4 58. Rf8+ Ke5 59. Rd8 Ra2+ 60. Kxg3 1/2-1/2

[Event "CAN-op (Pinnacle 48th CAN Op Ch)"]
[Site "Toronto CAN"]
[Date "2011.07.14"]
[Round "6"]
[White "Perelshteyn, Eugene"]
[Black "Rozentalis, Eduardas"]
[Result "1/2-1/2"]
[WhiteElo "2534"]
[BlackElo "2571"]
[PlyCount "48"]
[GameId "2160767909707335"]
[EventDate "2011.07.09"]
[EventType "swiss"]
[EventRounds "9"]
[EventCountry "CAN"]
[SourceTitle "CBM 143 Extra"]
[Source "ChessBase"]
[SourceDate "2011.08.29"]
[SourceVersion "1"]
[SourceVersionDate "2011.08.29"]
[SourceQuality "1"]

1. d4 Nf6 2. c4 e6 3. Nc3 Bb4 4. g3 O-O 5. Bg2 Bxc3+ 6. bxc3 d6 7. Nf3 Nbd7 8. Qd3 Re8 9. Nd2 c5 10. O-O Qc7 11. e4 cxd4 12. cxd4 e5 13. Bb2 exd4 14. Qxd4 b6 15. Rfd1 Bb7 16. f3 Ne5 17. Rac1 Rac8 18. Ba3 Red8 19. f4 Nc6 20. Qf2 Re8 21. h3 Rcd8 22. Kh2 Nb8 23. Re1 Nbd7 24. Qd4 Nc5 1/2-1/2

[Event "CAN-op (Pinnacle 48th CAN Op Ch)"]
[Site "Toronto CAN"]
[Date "2011.07.14"]
[Round "6"]
[White "Pitre, Ron"]
[Black "Florea, Alexandru"]
[Result "1/2-1/2"]
[WhiteElo "2190"]
[BlackElo "2065"]
[PlyCount "56"]
[GameId "2160767909707336"]
[EventDate "2011.07.09"]
[EventType "swiss"]
[EventRounds "9"]
[EventCountry "CAN"]
[SourceTitle "hb 2011"]

1. e4 c5 2. b3 Nc6 3. Bb2 e6 4. Nc3 Nf6 5. f4 d5 6. e5 Nd7 7. Nf3 a6 8. Be2 b5 9. O-O Be7 10. Qe1 O-O 11. Qg3 f6 12. a3 fxe5 13. fxe5 Qe8 14. Rae1 c4 15. d4 cxd3 16. cxd3 b4 17. axb4 Nxb4 18. Rc1 Nc5 19. Nd2 Rxf1+ 20. Rxf1 Bd7 21. d4 Nb7 22. Qh3 Rc8 23. Nf3 Qg6 24. Ne1 Qh6 25. Qxh6 gxh6 26. Rf3 Na5 27. Rg3+ Kh8 28. Rf3 Kg7 1/2-1/2

[Event "CAN-op (Pinnacle 48th CAN Op Ch)"]
[Site "Toronto CAN"]
[Date "2011.07.14"]
[Round "6"]
[White "Posaratnanathan, Juliaan"]
[Black "Sakka, Louay"]
[Result "1-0"]
[WhiteElo "1902"]
[BlackElo "1643"]
[PlyCount "86"]
[GameId "2160767909707338"]
[EventDate "2011.07.09"]
[EventType "swiss"]
[EventRounds "9"]
[EventCountry "CAN"]
[SourceTitle "hb 2011"]

1. e4 g6 2. d4 Bg7 3. Nc3 d6 4. Be3 Nc6 5. Nf3 e5 6. Bb5 a6 7. Bxc6+ bxc6 8. dxe5 Bg4 9. exd6 cxd6 10. h3 Be6 11. O-O Rb8 12. Rb1 Ne7 13. Bd4 f6 14. Be3 O-O 15. Qd2 Rb4 16. Rfd1 Nc8 17. Bc5 Bc4 18. Qd4 f5 19. e5 Qa5 20. Bxb4 Qxb4 21. b3 c5 22. Qxc4+ Qxc4 23. bxc4 dxe5 24. Ng5 Re8 25. Rd7 e4 26. Nd5 h6 27. Rbb7 Be5 28. Nh7 Nd6 29. Nhf6+ Kf8 30. Rh7 Nxb7 31. Nxe8 Nd8 32. Nef6 Bxf6 33. Nxf6 Nf7 34. Rxf7+ Kxf7 35. Nd7 Ke7 36. Nxc5 a5 37. a4 Kd6 38. Nb7+ Kc6 39. Nxa5+ Kc5 40. c3 g5 41. Nb7+ Kc6 42. Nd8+ Kb6 43. Nf7 Kc5 1-0

[Event "CAN-op (Pinnacle 48th CAN Op Ch)"]
[Site "Toronto CAN"]
[Date "2011.07.14"]
[Round "6"]
[White "Purewal, Sardul"]
[Black "Luo, Zhao Yang"]
[Result "1/2-1/2"]
[WhiteElo "2004"]
[BlackElo "1894"]
[PlyCount "95"]
[GameId "2160767909707339"]
[EventDate "2011.07.09"]
[EventType "swiss"]
[EventRounds "9"]
[EventCountry "CAN"]
[SourceTitle "hb 2011"]

1. e4 c6 2. d4 d5 3. e5 c5 4. c3 Nc6 5. Be3 Qb6 6. Qb3 c4 7. Qc2 Bf5 8. Qc1 Qa5 9. Nd2 e6 10. Ngf3 Nge7 11. Be2 Bg6 12. Nh4 Nf5 13. Nxf5 Bxf5 14. O-O b5 15. a3 Be7 16. g4 Bg6 17. f4 f5 18. exf6 gxf6 19. f5 Bf7 20. fxe6 Bxe6 21. Bf4 Rg8 22. Kh1 Kd7 23. Bf3 Rae8 24. Qc2 Rg7 25. Rae1 Bd8 26. Re2 Bc7 27. Bxc7 Qxc7 28. Bg2 Qd8 29. Rfe1 Rge7 30. h3 Kc7 31. Nf1 Qd6 32. Qd2 a5 33. Rf2 Bf7 34. Rxe7+ Rxe7 35. Re2 Rxe2 36. Qxe2 Qe6 37. Ne3 Ne7 38. Qf3 Qd6 39. Kg1 Kc6 40. Nf5 Nxf5 41. Qxf5 Bg6 42. Qc8+ Kb6 43. Qg8 Be4 44. Bxe4 dxe4 45. Kg2 Qf4 46. Qd8+ Kb7 47. Qd7+ Kb6 48. Qd8+ 1/2-1/2

[Event "CAN-op (Pinnacle 48th CAN Op Ch)"]
[Site "Toronto CAN"]
[Date "2011.07.14"]
[Round "6"]
[White "Puri, Vinny"]
[Black "Austria, Federico"]
[Result "1-0"]
[WhiteElo "2350"]
[BlackElo "2105"]
[PlyCount "83"]
[GameId "2160767909707340"]
[EventDate "2011.07.09"]
[EventType "swiss"]
[EventRounds "9"]
[EventCountry "CAN"]

1. d4 d5 2. c4 c6 3. Nf3 Nf6 4. Nc3 e6 5. Bg5 Be7 6. e3 Ne4 7. Bxe7 Qxe7 8. Bd3 f5 9. Ne5 Qh4 10. O-O O-O 11. f4 Nd7 12. Rc1 Ndf6 13. g3 Qh3 14. Rc2 Bd7 15. Nxe4 dxe4 16. Be2 Be8 17. Qe1 Nd7 18. Qb4 Nxe5 19. dxe5 Rb8 20. Qd6 Bf7 21. Rd1 h5 22. Qe7 h4 23. Qxh4 Qxh4 24. gxh4 Kh7 25. Rcd2 Kh6 26. Kf2 Bh5 27. Bxh5 Kxh5 28. Kg3 Rf7 29. Rd7 Rbf8 30. R1d6 Rxd7 31. Rxd7 Kg6 32. Re7 Rd8 33. Rxe6+ Kf7 34. Rd6 Rxd6 35. exd6 c5 36. h5 Ke6 37. Kh4 Kxd6 38. Kg5 a5 39. Kg6 b5 40. cxb5 c4 41. Kxg7 a4 42. a3 1-0

[Event "CAN-op (Pinnacle 48th CAN Op Ch)"]
[Site "Toronto CAN"]
[Date "2011.07.14"]
[Round "6"]
[White "Razzaq, Ali"]
[Black "Karmalkar, Vilas"]
[Result "1-0"]
[WhiteElo "1967"]
[BlackElo "1608"]
[PlyCount "67"]
[GameId "2160767909707342"]
[EventDate "2011.07.09"]
[EventType "swiss"]
[EventRounds "9"]
[EventCountry "CAN"]

1. d4 d5 2. Nf3 Nf6 3. e3 Bg4 4. h3 Bxf3 5. Qxf3 e6 6. c4 c5 7. cxd5 exd5 8. Bb5+ Nc6 9. dxc5 Bxc5 10. O-O O-O 11. Nc3 Qb6 12. Rd1 Ne7 13. Bf1 Rfd8 14. Na4 Qb4 15. Nxc5 Qxc5 16. b3 Qc2 17. Ba3 Nc6 18. Bd3 Qc3 19. Rac1 Qe5 20. Rd2 Ne7 21. Bb2 Qd6 22. Bxf6 Qxf6 23. Qxf6 gxf6 24. Rc7 Nc6 25. Rxb7 a5 26. Be2 d4 27. exd4 Rxd4 28. Rxd4 Nxd4 29. Bc4 Ne6 30. a4 Rc8 31. Rb5 Rc5 32. Bxe6 Rc1+ 33. Kh2 fxe6 34. Rxa5 1-0

[Event "CAN-op (Pinnacle 48th CAN Op Ch)"]
[Site "Toronto CAN"]
[Date "2011.07.14"]
[Round "6"]
[White "Reshef, Omer"]
[Black "Regan, Kenneth"]
[Result "0-1"]
[WhiteElo "2145"]
[BlackElo "2422"]
[PlyCount "110"]
[GameId "2160767909707343"]
[EventDate "2011.07.09"]
[EventType "swiss"]
[EventRounds "9"]
[EventCountry "CAN"]
[SourceTitle "EXT 2022"]
[Source "ChessBase"]
[SourceDate "2021.10.06"]
[SourceVersion "1"]
[SourceVersionDate "2021.10.06"]
[SourceQuality "1"]

1. e4 c5 2. Nf3 g6 3. d4 cxd4 4. Nxd4 Nc6 5. Nc3 Bg7 6. Be3 Nf6 7. Nxc6 bxc6 8. e5 Ng8 9. Bd4 f6 10. exf6 Nxf6 11. Qd2 O-O 12. O-O-O e5 13. Bxe5 Ne4 14. Nxe4 Bxe5 15. g3 Qb6 16. Bc4+ Kh8 17. Bb3 d5 18. f4 Bg4 19. Rde1 Bd4 20. c3 Bg7 21. Ng5 a5 22. Bd1 Bxd1 23. Rxd1 Rfb8 24. Nf7+ Kg8 25. Ne5 Ra7 26. Rhe1 a4 27. Re2 a3 28. b3 Qa6 29. Kb1 Re7 30. Qd3 Qxd3+ 31. Rxd3 Rbe8 32. Rde3 g5 33. Kc2 Bh6 34. Ng4 Rxe3 35. Rxe3 Rxe3 36. Nxe3 gxf4 37. Nf5 Bg5 38. g4 Kf7 39. Nd4 c5 40. Nb5 f3 41. Kd1 Ke6 42. Ke1 Ke5 43. Nxa3 Kf4 44. Nc2 Bf6 45. c4 d4 46. Kf1 d3 47. Ne1 d2 48. Nd3+ Ke3 49. Nf2 Bh4 50. Nd1+ Kd3 51. b4 Kc2 52. Ne3+ Kc1 53. bxc5 Bg5 54. Kf2 Bxe3+ 55. Kxf3 Bxc5 0-1

[Event "CAN-op (Pinnacle 48th CAN Op Ch)"]
[Site "Toronto CAN"]
[Date "2011.07.14"]
[Round "6"]
[White "Roller, Robert"]
[Black "Day, Lawrence"]
[Result "1/2-1/2"]
[WhiteElo "1993"]
[BlackElo "2262"]
[PlyCount "47"]
[GameId "2160767909707344"]
[EventDate "2011.07.09"]
[EventType "swiss"]
[EventRounds "9"]
[EventCountry "CAN"]
[SourceTitle "EXT 2022"]
[Source "ChessBase"]
[SourceDate "2021.10.06"]
[SourceVersion "1"]
[SourceVersionDate "2021.10.06"]
[SourceQuality "1"]

1. e4 c5 2. Nc3 e6 3. f4 d5 4. Nf3 a6 5. d3 b5 6. Qe2 b4 7. Nd1 Be7 8. g3 Nf6 9. e5 Nfd7 10. Bg2 Nc6 11. c3 bxc3 12. bxc3 Rb8 13. O-O O-O 14. g4 d4 15. c4 Qc7 16. g5 Re8 17. Nf2 Nf8 18. Ng4 Ng6 19. h4 Bf8 20. h5 Nge7 21. Nd2 Rd8 22. Ne4 Nf5 23. Rf3 Kh8 24. Rh3 1/2-1/2

[Event "CAN-op (Pinnacle 48th CAN Op Ch)"]
[Site "Toronto CAN"]
[Date "2011.07.14"]
[Round "6"]
[White "Roy, Myriam"]
[Black "Patterson, Roger"]
[Result "1-0"]
[WhiteElo "1935"]
[BlackElo "2134"]
[PlyCount "59"]
[GameId "2160767909707345"]
[EventDate "2011.07.09"]
[EventType "swiss"]
[EventRounds "9"]
[EventCountry "CAN"]
[SourceTitle "hb 2011"]

1. e4 c5 2. Nf3 d6 3. d4 cxd4 4. Nxd4 Nf6 5. Nc3 e6 6. g3 Be7 7. Bg2 O-O 8. O-O a6 9. a4 Qc7 10. Be3 Nc6 11. f4 Re8 12. Nb3 b6 13. Qe2 Bb7 14. Qf2 Nd7 15. Rad1 Nc5 16. f5 Ne5 17. h3 Bc6 18. Nd4 Bd7 19. g4 Bf8 20. f6 Nxa4 21. Nxa4 Bxa4 22. b3 Bd7 23. Bg5 Bc8 24. Qh4 Ra7 25. Rf2 Qc5 26. Qh5 Rc7 27. Nf3 Nxf3+ 28. Bxf3 gxf6 29. Bxf6 Qxh5 30. gxh5 1-0

[Event "CAN-op (Pinnacle 48th CAN Op Ch)"]
[Site "Toronto CAN"]
[Date "2011.07.14"]
[Round "6"]
[White "Serbanescu, Natasa"]
[Black "Le, Ken"]
[Result "1-0"]
[WhiteElo "1871"]
[BlackElo "1660"]
[PlyCount "49"]
[GameId "2160767909707346"]
[EventDate "2011.07.09"]
[EventType "swiss"]
[EventRounds "9"]
[EventCountry "CAN"]

1. e4 e5 2. Nf3 d6 3. d4 Bg4 4. dxe5 Bxf3 5. Qxf3 dxe5 6. Bc4 Qf6 7. Qb3 b6 8. Nc3 Bc5 9. O-O Ne7 10. Nb5 Bd6 11. Nxd6+ cxd6 12. f4 O-O 13. fxe5 Qxe5 14. Bf4 Qc5+ 15. Be3 Qh5 16. Rad1 Qg6 17. Bf4 Nbc6 18. Bxd6 Rad8 19. e5 Qh5 20. Rde1 Na5 21. Qb5 Nxc4 22. Qxc4 Rc8 23. Qb3 Rfe8 24. Rf2 Nf5 25. Ref1 1-0

[Event "CAN-op (Pinnacle 48th CAN Op Ch)"]
[Site "Toronto CAN"]
[Date "2011.07.14"]
[Round "6"]
[White "Sharpe, Michael"]
[Black "Pieri, Enzo"]
[Result "1/2-1/2"]
[WhiteElo "1662"]
[BlackElo "1734"]
[PlyCount "118"]
[GameId "2160767909707348"]
[EventDate "2011.07.09"]
[EventType "swiss"]
[EventRounds "9"]
[EventCountry "CAN"]
[SourceTitle "EXT 2022"]
[Source "ChessBase"]
[SourceDate "2021.10.06"]
[SourceVersion "1"]
[SourceVersionDate "2021.10.06"]
[SourceQuality "1"]

1. e4 c6 2. d4 d5 3. exd5 Qxd5 4. c4 Qd8 5. Nc3 Nf6 6. Bg5 Bf5 7. Nf3 Nbd7 8. Bd3 Bxd3 9. Qxd3 e6 10. O-O Be7 11. Rfe1 O-O 12. Rad1 Re8 13. Ne5 Nxe5 14. dxe5 Qxd3 15. Rxd3 Ng4 16. Bxe7 Rxe7 17. h3 Nh6 18. Red1 g6 19. Ne4 Nf5 20. Nf6+ Kg7 21. g4 Nh4 22. g5 Rc7 23. f4 h6 24. Kf2 hxg5 25. fxg5 c5 26. Rd8 Rcc8 27. R8d7 Rab8 28. Ne4 Nf5 29. a4 a6 30. Nd6 Nxd6 31. R1xd6 b5 32. Rxa6 bxc4 33. Rd2 Rb3 34. Rc2 Rxh3 35. Rxc4 Rh2+ 36. Kf3 Rxb2 37. Ra5 Ra2 38. Rcxc5 Rxc5 39. Rxc5 Rxa4 40. Rc7 Rd4 41. Rb7 Kf8 42. Ra7 Ke8 43. Rb7 Rd7 44. Rb8+ Ke7 45. Rb6 Kd8 46. Rc6 Rd4 47. Ra6 Rc4 48. Ra8+ Kd7 49. Ra7+ Rc7 50. Ra6 Kc8 51. Rb6 Rc4 52. Ra6 Kb7 53. Rd6 Rc7 54. Ke4 Rc4+ 55. Kf3 Kc7 56. Ra6 Rb4 57. Ra7+ Rb7 58. Ra6 Rb5 59. Kf4 Rb4+ 1/2-1/2

[Event "CAN-op (Pinnacle 48th CAN Op Ch)"]
[Site "Toronto CAN"]
[Date "2011.07.14"]
[Round "6"]
[White "Sohal, Tanraj"]
[Black "Renteria, Rolando"]
[Result "0-1"]
[WhiteElo "2177"]
[BlackElo "2346"]
[PlyCount "76"]
[GameId "2160767909707349"]
[EventDate "2011.07.09"]
[EventType "swiss"]
[EventRounds "9"]
[EventCountry "CAN"]
[SourceTitle "hb 2011"]

1. d4 Nf6 2. c4 g6 3. Nc3 Bg7 4. e4 d6 5. f3 O-O 6. Be3 a6 7. Qd2 Nc6 8. Bd3 e5 9. d5 Nd4 10. Nge2 Nh5 11. O-O-O c5 12. dxc6 bxc6 13. Bc2 c5 14. Nd5 Be6 15. Rhf1 Bxd5 16. cxd5 Kh8 17. Bxd4 exd4 18. Bd3 Qb6 19. b3 a5 20. Bc4 a4 21. Qd3 axb3 22. axb3 Qb4 23. Kb2 Nf6 24. Ra1 Nd7 25. f4 Nf6 26. Ng3 Ng4 27. Ra6 Ne3 28. Rc1 Nxg2 29. Ne2 Rfd8 30. Ka2 Kg8 31. Kb2 Ne3 32. h3 Nxc4+ 33. Rxc4 Qe1 34. Rc1 Qxe2+ 35. Qxe2 d3+ 36. e5 dxe2 37. Rxa8 Rxa8 38. Re1 dxe5 0-1

[Event "CAN-op (Pinnacle 48th CAN Op Ch)"]
[Site "Toronto CAN"]
[Date "2011.07.14"]
[Round "6"]
[White "Southam, David"]
[Black "Lin, Tony (Juntao)"]
[Result "1/2-1/2"]
[WhiteElo "2124"]
[BlackElo "2023"]
[PlyCount "56"]
[GameId "2160767909707350"]
[EventDate "2011.07.09"]
[EventType "swiss"]
[EventRounds "9"]
[EventCountry "CAN"]
[SourceTitle "hb 2011"]

1. d4 Nf6 2. c4 g6 3. Nc3 d5 4. cxd5 Nxd5 5. e4 Nxc3 6. bxc3 Bg7 7. Nf3 c5 8. Be3 Qa5 9. Qd2 Bg4 10. Rc1 Bxf3 11. gxf3 e6 12. d5 exd5 13. exd5 Nd7 14. c4 Qb6 15. Be2 O-O 16. O-O Rfe8 17. f4 Qd6 18. Rb1 b6 19. a4 f5 20. Bf3 Nf6 21. a5 Ne4 22. Qc1 Re7 23. Qa3 Rb8 24. Rb3 Bh6 25. Qc1 Ree8 26. Bg2 Nf6 27. Bf3 Ne4 28. Bg2 Nf6 1/2-1/2

[Event "CAN-op (Pinnacle 48th CAN Op Ch)"]
[Site "Toronto CAN"]
[Date "2011.07.14"]
[Round "6"]
[White "Tot, Nandor"]
[Black "Fu, James"]
[Result "0-1"]
[WhiteElo "2119"]
[BlackElo "2028"]
[PlyCount "64"]
[GameId "2160767909707351"]
[EventDate "2011.07.09"]
[EventType "swiss"]
[EventRounds "9"]
[EventCountry "CAN"]
[SourceTitle "hb 2011"]

1. Nf3 Nf6 2. d4 e6 3. c4 d5 4. Nc3 c5 5. Bg5 cxd4 6. Nxd4 Be7 7. cxd5 exd5 8. e3 O-O 9. Qb3 Nc6 10. Rd1 h6 11. Bh4 Bd7 12. Bxf6 Bxf6 13. Qxd5 Nxd4 14. exd4 Qe7+ 15. Be2 Bc6 16. Qh5 Qb4 17. O-O Bxd4 18. Rd3 Qc5 19. Qg4 Rad8 20. Qf4 Be5 21. Qd2 Bc7 22. Rc1 Bxh2+ 23. Kxh2 Qxf2 24. Nd5 Bxd5 25. Rxd5 Rxd5 26. Qxd5 Qf4+ 27. Kh3 Qxc1 28. Qxb7 Qe3+ 29. Bf3 Rd8 30. Qc7 Qb6 31. Qc2 Rd4 32. Qc8+ Qd8 0-1